Generation of boron ion beams by vacuum arc and planar magnetron ion sources; Review of Scientific Instruments; Vol. 90, iss. 10

Dettagli Bibliografici
Parent link:Review of Scientific Instruments
Vol. 90, iss. 10.— 2019.— [103302, 4 p.]
Ente Autore: Национальный исследовательский Томский политехнический университет Инженерная школа энергетики Отделение электроэнергетики и электротехники
Altri autori: Bugaev A. V. Aleksey Vladimirovich, Frolova V. P. Valeriya Petrovna, Gushenets V. I. Vasily Ivanovich, Nikolaev A. G. Aleksey Gennadjevich, Oks E. M. Efim Mikhaylovich, Savkin K. P. Konstantin Petrovich, Shandrikov M. V. Maksim Valentinovich, Vizir A. Alexey, Yushkov A. Yu. Anatoly Yurievich, Кадлубович Б. Е. Борис Евгеньевич, Yushkov G. Yu. Georgy Yurjevich
Riassunto:Title screen
Boron ions can be implanted not only in semiconductors such as silicon wafers but also in other materials and metal products, e.g., machine parts and tools, to increase their surface properties and therefore lifetime. The purity of boron ion beams for these purposes is not so critical as for semiconductor technologies. Here, we present experimental results on the generation of pulsed boron ion beams in vacuum arc and planar magnetron ion sources with pure boron and lanthanum hexaboride cathodes with emphasis on the mass-charge state composition of the ion beams.
Режим доступа: по договору с организацией-держателем ресурса
Lingua:inglese
Pubblicazione: 2019
Soggetti:
Accesso online:https://doi.org/10.1063/1.5125704
Natura: MixedMaterials Elettronico Capitolo di libro
KOHA link:https://koha.lib.tpu.ru/cgi-bin/koha/opac-detail.pl?biblionumber=662572

MARC

LEADER 00000naa0a2200000 4500
001 662572
005 20250407112644.0
035 |a (RuTPU)RU\TPU\network\33727 
035 |a RU\TPU\network\33078 
090 |a 662572 
100 |a 20200904d2019 k||y0rusy50 ba 
101 0 |a eng 
102 |a US 
135 |a drcn ---uucaa 
181 0 |a i  
182 0 |a b 
200 1 |a Generation of boron ion beams by vacuum arc and planar magnetron ion sources  |f A. V. Bugaev, V. P. Frolova, V. I. Gushenets [et al.] 
203 |a Text  |c electronic 
300 |a Title screen 
320 |a [References: 20 tit.] 
330 |a Boron ions can be implanted not only in semiconductors such as silicon wafers but also in other materials and metal products, e.g., machine parts and tools, to increase their surface properties and therefore lifetime. The purity of boron ion beams for these purposes is not so critical as for semiconductor technologies. Here, we present experimental results on the generation of pulsed boron ion beams in vacuum arc and planar magnetron ion sources with pure boron and lanthanum hexaboride cathodes with emphasis on the mass-charge state composition of the ion beams. 
333 |a Режим доступа: по договору с организацией-держателем ресурса 
461 |t Review of Scientific Instruments 
463 |t Vol. 90, iss. 10  |v [103302, 4 p.]  |d 2019 
610 1 |a электронный ресурс 
610 1 |a труды учёных ТПУ 
610 1 |a генерация 
610 1 |a ионы бора 
610 1 |a вакуумные дуги 
610 1 |a планарные технологии 
701 1 |a Bugaev  |b A. V.  |g Aleksey Vladimirovich 
701 1 |a Frolova  |b V. P.  |g Valeriya Petrovna 
701 1 |a Gushenets  |b V. I.  |g Vasily Ivanovich 
701 1 |a Nikolaev  |b A. G.  |g Aleksey Gennadjevich 
701 1 |a Oks  |b E. M.  |g Efim Mikhaylovich 
701 1 |a Savkin  |b K. P.  |g Konstantin Petrovich 
701 1 |a Shandrikov  |b M. V.  |g Maksim Valentinovich 
701 1 |a Vizir  |b A.  |g Alexey 
701 1 |a Yushkov  |b A. Yu.  |c specialist in the field of electricity  |c associate Professor of Tomsk Polytechnic University, candidate of technical Sciences  |f 1975-  |g Anatoly Yurievich  |3 (RuTPU)RU\TPU\pers\35549  |9 18730 
701 1 |a Кадлубович  |b Б. Е.  |c специалист в области ядерных технологий  |c доцент Томского политехнического университета, кандидат физико-математических наук, директор центра управления контингентом студентов  |f 1965-  |g Борис Евгеньевич  |3 (RuTPU)RU\TPU\pers\26481  |9 12183 
701 1 |a Yushkov  |b G. Yu.  |g Georgy Yurjevich 
712 0 2 |a Национальный исследовательский Томский политехнический университет  |b Инженерная школа энергетики  |b Отделение электроэнергетики и электротехники  |3 (RuTPU)RU\TPU\col\23505  |9 28321 
801 2 |a RU  |b 63413507  |c 20200904  |g RCR 
856 4 |u https://doi.org/10.1063/1.5125704 
942 |c CF